000
00295nam a2200121Ia 4500
008
220204s9999 xx 000 0 und d
082
_a
677
_b
GAR
100
_a
Garner, W
245
0
_a
Textile laboratory manual. V 15. Fibres
260
_a
London
_b
Heywood
_c
1967
650
_a
Fibres
942
_c
BK
999
_c
22566
_d
22566